000
00268nam a22001337a 4500
003
SGT
082
_a
370
_b
M16S
100
_a
SINGH, Y.K.
245
_a
MICRO TEACHING
260
_a
NEW DELHI
_b
APH PUB
_c
2016
300
_a
253
650
_a
EDUCATION
942
_2
ddc
_c
BK
999
_c
12708
_d
12708